ბათუმის შოთა რუსთაველის სახელმწიფო უნივერსიტეტის ბიბლიოთეკა

Микробиология с техникой микробиологических исследовании / (ბიბ.ჩანაწერი № 56581)

000 -ლიდერი
ფიქსირებული სიგრძის საკონტროლო ველი 00873nam a2200217Ia 4500
001 - საკონტროლო ნომერი
საკონტროლო ველი 23695
003 - საკონტროლო ნომრის იდენტიფიკატორი
საკონტროლო ველი GE_BSU
005 - ბოლო ოპერაციის თარიღი და დრო
საკონტროლო ველი 20260325164017.0
008 - ფიქსირებული სიგრძის მონაცემთა ელემენტები - ზოგადი ინფორმაცია
ფიქსირებული სიგრძის საკონტროლო ველი 181216s1978||||ge |||||||||||||| ||geo||
040 ## - კატალოგიზაციის წყარო
Transcribing agency GE_BSU
080 ## - უნივერსალური ათობითი კლასიფიკაციის ინდექსი
Universal Decimal Classification number 576.8(024) Л-12
100 ## - მთავარი ჩანაწერი - პიროვნების სახელი
Personal name Лабинская, А.С.
9 (RLIN) 27212
245 ## - ცნობა სათაურის შესახებ
Title Микробиология с техникой микробиологических исследовании /
Statement of responsibility, etc А.С. Лабинская ; Ред. С.А. Ефремова
250 ## - გამოცემის ცნობა
Edition statement 4-е издание перераб. и дополн.
264 ## - წარმოების, გამოცემის, დისტრიბუციის და სხვა ცნობები
გამოცემის, წარმოების, დისტრიბუციის... ადგილი Москва :
გამოცემის, წარმოების, დისტრიბუციის... სახელწოდება Медицина,
გამოცემის, წარმოების, დისტრიბუციის... თარიღი 1978.
300 ## - ფიზიკური აღწერა
Extent 392 стр. ;
Dimensions 22 см.
653 ## - INDEX TERM--UNCONTROLLED
Uncontrolled term Микробиология с техникой микробиологических исследовании
700 ## - ADDED ENTRY--PERSONAL NAME
Personal name Ефремова, С.А.
Relator term Редактор
9 (RLIN) 27213
942 ## - ADDED ENTRY ELEMENTS (KOHA)
Koha item type წიგნი
Source of classification or shelving scheme
ეგზემპლარები
ჩამოწერის სტატუსი დაკარგული ეგზემპლარის სტატუსი კლასიფიკაციის წყარო ან თაროზე გაწყობის სქემა დაზიანების სტატუსი არ გაიცემა მუდმივი მდებარეობა (დაცვის ადგილი) ამჟამინდელი ადგილსამყოფელი თაროზე განთავსების ადგილი შეძენის თარიღი ღირებულება, შესყიდვის ნორმალური ფასი სრული შენახვის შიფრი შტრიხკოდი ბოლო ოპერაციის თარიღი ეგზემპლარის მიმდევრობითი ნომერი (კეტერი?) ფასის ძალაში შესვლის თარიღი ეგზემპლარის სახეობა საჯარო შენიშვნა
          ბათუმის შოთა რუსთაველის სახელმწიფო უნივერსიტეტის მთავარი ბიბლიოთეკა ბათუმის შოთა რუსთაველის სახელმწიფო უნივერსიტეტის მთავარი ბიბლიოთეკა წიგნსაცავი 2018-12-17 10.00 576.8(024) Л-12 28523 2018-12-17 28523 2018-12-17 წიგნი 10.00 ₾.